La conducta del hombre /

Guardado en:
Autor Principal: Smith, Karl U.
Formato: Libro
Publicado: Buenos Aires : Eudeba, 1972
Edición:3a. ed.
Etiquetas: Agregar Etiqueta
Sin Etiquetas, Sea el primero en etiquetar este registro!
LEADER 00859nam a22001695a 4500
001 CEM.cems006017
005 20060214000000.0
008 130507s1972##################000#0#####d
003 CEMS
082 0 4 |a 150 
100 1 |a Smith, Karl U. 
245 1 0 |a La conducta del hombre / 
250 |a 3a. ed. 
260 |a Buenos Aires :  |b Eudeba,  |c 1972 
300 |a 544 p. 
505 0 |a Hacia una comprension de lsa interioridad y la interacción por Mabel Goldemberg;Conductores del transporte colectivo de pasajeros: Neurosis individual o neurosis social? pppor Horacio Ejilevich Grimaldi;Psicoterapia de grupo: función y espacio de la escena en la invest. analitica por Marcelo Percia; Una caracteropatia latente:los que triunfan al fracasar por Federico Urman; Asitencia clinica psicologica por Benjamin Uzorskis. 
859 |a CEMS  |b BIB. CEMS - 11 de abril  |h 150  |i Sm61a3  |p 2622.74  |t Ej.1